[Event "Mittelrhein Verbandsliga-W 17/18"]
[Site "Nordrheinwestfalen"]
[Date "2018.01.14"]
[Round "6.4"]
[White "Krings, Thomas"]
[Black "Schauff, Lutz"]
[Result "1-0"]
[WhiteElo "2005"]
[BlackElo "1984"]
[PlyCount "63"]
[EventDate "2017.09.10"]
[EventType "team-tourn"]
[EventRounds "11"]
[EventCountry "GER"]
[SourceTitle "EXT 2022"]
[Source "ChessBase"]
[SourceDate "2021.10.06"]
[SourceVersion "1"]
[SourceVersionDate "2021.10.06"]
[SourceQuality "1"]
[WhiteTeam "Horrem"]
[BlackTeam "Kerpen SK"]
[WhiteTeamCountry "GER"]
[BlackTeamCountry "GER"]

1. d4 Nf6 2. Bg5 c5 3. Bxf6 gxf6 4. d5 Qb6 5. Qc1 Bh6 6. e3 d6 7. Na3 a6 8. Nc4 Qc7 9. a4 Nd7 10. a5 b5 11. axb6 Nxb6 12. Qd2 Bb7 13. Nxb6 Qxb6 14. b3 Qb4 15. Qxb4 cxb4 16. Ra5 0-0 17. Nf3 Rfc8 18. Bc4 Rc5 19. Rxc5 dxc5 20. Ke2 Rd8 21. Ra1 Bxd5 22. Bxd5 Rxd5 23. Rxa6 e6 24. Ra8+ Bf8 25. Nd2 f5 26. Nc4 Kg7 27. Rc8 Be7 28. Nb6 Rd6 29. Na4 Rd5 30. Rc7 Kf8 31. Nb6 Bd8 32. Nxd5 1-0

[Event "Mittelrhein Verbandsliga-W 15/16"]
[Site "Nordrheinwestfalen"]
[Date "2016.01.31"]
[Round "7.3"]
[White "Schulz, Wilhelm"]
[Black "Schauff, Lutz"]
[Result "1-0"]
[WhiteElo "1983"]
[BlackElo "2001"]
[PlyCount "53"]
[EventDate "2015.09.06"]
[EventType "team-tourn"]
[EventRounds "11"]
[EventCountry "GER"]
[SourceTitle "EXT 2022"]
[Source "ChessBase"]
[SourceDate "2021.10.06"]
[SourceVersion "1"]
[SourceVersionDate "2021.10.06"]
[SourceQuality "1"]
[WhiteTeam "Horrem"]
[BlackTeam "Kerpen SK"]
[WhiteTeamCountry "GER"]
[BlackTeamCountry "GER"]

1. d4 Nf6 2. c4 g6 3. f3 Bg7 4. e4 d6 5. Nc3 0-0 6. Be3 Nc6 7. Qd2 Re8 8. h4 e5 9. d5 Nd4 10. Nge2 Nh5 11. 0-0-0 Nxe2+ 12. Nxe2 f5 13. exf5 gxf5 14. Bg5 Qd7 15. Rg1 Nf6 16. h5 Qf7 17. g4 f4 18. Nc3 Bd7 19. Bd3 c6 20. Bxf6 Qxf6 21. g5 Qf8 22. h6 Bh8 23. g6 Qxh6 24. Rh1 Qf8 25. Rxh7 Bg7 26. Qh2 Bf5 27. Rh8+ 1-0

[Event "Mittelrhein Verbandsliga-W 1112"]
[Site "Germany"]
[Date "2012.02.26"]
[Round "7.4"]
[White "Effertz, Josef"]
[Black "Schauff, Lutz"]
[Result "1/2-1/2"]
[WhiteElo "1947"]
[BlackElo "1975"]
[PlyCount "104"]
[EventDate "2011.09.18"]
[EventType "team-tourn"]
[EventRounds "11"]
[EventCountry "GER"]
[SourceTitle "EXT 2013"]
[Source "ChessBase"]
[SourceDate "2012.11.22"]
[SourceVersion "1"]
[SourceVersionDate "2012.11.22"]
[SourceQuality "1"]
[WhiteTeam "Brauweiler Rochade"]
[BlackTeam "Kerpen SK"]
[WhiteTeamCountry "GER"]
[BlackTeamCountry "GER"]

1. e4 d6 2. d4 Nf6 3. Nc3 g6 4. Nf3 Bg7 5. Be2 0-0 6. 0-0 Nc6 7. Bb5 Bd7 8. Re1 a6 9. Bxc6 Bxc6 10. Bg5 h6 11. Bh4 g5 12. Bg3 Nh5 13. d5 Bd7 14. Nd4 Nxg3 15. hxg3 e6 16. Qd3 c5 17. dxc6 bxc6 18. Nf3 d5 19. Rad1 Qa5 20. exd5 cxd5 21. Ne5 Rfd8 22. f4 Rac8 23. Qe3 Qc5 24. Rd4 Be8 25. Re2 Rd6 26. Red2 Rb6 27. Nd1 Qc7 28. R4d3 Rb4 29. Rc3 Qb8 30. Rxc8 Qxc8 31. Qf3 f6 32. Nd3 Rb8 33. Kh2 Bf7 34. N3f2 e5 35. fxe5 fxe5 36. Rxd5 Bxd5 37. Qxd5+ Kh8 38. c4 Qb7 39. Qe6 Qb6 40. Qxb6 Rxb6 41. Ne4 Rc6 42. Ne3 Bf8 43. b3 Kg7 44. g4 Kf7 45. Kg3 Ke8 46. Kf3 Kd7 47. Ke2 Rc8 48. Nd5 Bc5 49. Kd3 Kc6 50. Nef6 Rf8 51. Ke4 Kd6 52. Kf5 Bd4 1/2-1/2

[Event "Mittelrhein Verbandsliga-W 1112"]
[Site "Germany"]
[Date "2012.01.15"]
[Round "5.4"]
[White "Schmidt, Alexander"]
[Black "Schauff, Lutz"]
[Result "0-1"]
[WhiteElo "1909"]
[BlackElo "1975"]
[PlyCount "58"]
[EventDate "2011.09.18"]
[EventType "team-tourn"]
[EventRounds "11"]
[EventCountry "GER"]
[SourceTitle "EXT 2013"]
[Source "ChessBase"]
[SourceDate "2012.11.22"]
[SourceVersion "1"]
[SourceVersionDate "2012.11.22"]
[SourceQuality "1"]
[WhiteTeam "Arminia Eilendorf"]
[BlackTeam "Kerpen SK"]
[WhiteTeamCountry "GER"]
[BlackTeamCountry "GER"]

1. Nc3 Nf6 2. f4 g6 3. Nf3 Bg7 4. e3 d6 5. b3 0-0 6. Bb2 c5 7. Be2 Nc6 8. 0-0 a6 9. a4 b6 10. Qe1 Bb7 11. Qh4 e6 12. Rab1 d5 13. Nd1 d4 14. d3 Nd5 15. e4 Qxh4 16. Nxh4 Ndb4 17. c3 dxc3 18. Bxc3 Nd4 19. Kf2 Rfd8 20. Bxb4 cxb4 21. Ne3 Rac8 22. Nf3 Rc3 23. Nxd4 Bxd4 24. g4 Bxe4 25. dxe4 Bxe3+ 26. Kg3 Rd2 27. Bd1 Bg1+ 28. Rf3 Bxh2+ 29. Kh3 Bxf4 0-1

[Event "Ghent op 28th"]
[Site "Ghent"]
[Date "2005.07.17"]
[Round "4"]
[White "Sadkowsky, Daniel"]
[Black "Schauff, Lutz"]
[Result "1-0"]
[WhiteElo "2311"]
[BlackElo "2109"]
[PlyCount "99"]
[EventDate "2005.07.16"]
[EventType "swiss"]
[EventRounds "9"]
[EventCountry "BEL"]
[SourceTitle "CBM 107 Extra"]
[Source "ChessBase"]
[SourceDate "2005.09.01"]
[SourceVersion "1"]
[SourceVersionDate "2005.09.01"]
[SourceQuality "1"]

1. d4 Nf6 2. c4 g6 3. f3 Bg7 4. e4 d6 5. Nc3 0-0 6. Bg5 c6 7. Qd2 e5 8. d5 Qa5 9. Bd3 Na6 10. Nge2 Bd7 11. a3 cxd5 12. cxd5 Rfc8 13. 0-0 Qd8 14. b4 Nc7 15. Rfc1 Nce8 16. Be3 Nh5 17. g4 Nf4 18. Nxf4 exf4 19. Bxf4 Qf6 20. g5 Qe7 21. Rab1 Bd4+ 22. Kg2 h6 23. h4 hxg5 24. hxg5 Ng7 25. Ne2 Bb6 26. Ng3 Rf8 27. Qb2 f6 28. gxf6 Qxf6 29. Qxf6 Rxf6 30. Bg5 Rf7 31. Rh1 Raf8 32. Rbf1 Bd4 33. e5 dxe5 34. Bxg6 Nf5 35. Nxf5 Bxf5 36. Bxf7+ Rxf7 37. Bh6 Rf6 38. Rh4 Rg6+ 39. Kh2 Bd3 40. Rc1 Bf5 41. Bd2 Kg7 42. Rc7+ Kf6 43. Rh6 e4 44. Rxg6+ Bxg6 45. f4 e3 46. Be1 Be4 47. d6 Ke6 48. d7 Bf6 49. Rc3 Kxd7 50. Rxe3 1-0

[Event "Ghent 25th"]
[Site "Ghent"]
[Date "2002.07.22"]
[Round "5"]
[White "Werbeck, Torsten"]
[Black "Schauff, Lutz"]
[Result "1-0"]
[WhiteElo "2242"]
[BlackElo "2075"]
[PlyCount "45"]
[EventDate "2002.07.20"]
[EventType "swiss"]
[EventRounds "7"]
[EventCountry "BEL"]
[SourceTitle "EXT 2006"]
[Source "ChessBase"]
[SourceDate "2005.11.24"]
[SourceVersion "1"]
[SourceVersionDate "2005.11.24"]
[SourceQuality "1"]

1. d4 Nf6 2. Nf3 g6 3. c4 Bg7 4. Nc3 d6 5. e4 0-0 6. Be2 e5 7. 0-0 c6 8. dxe5 dxe5 9. Qxd8 Rxd8 10. Be3 Bg4 11. Rfd1 Na6 12. Rxd8+ Rxd8 13. Bxa7 Bxf3 14. Bxf3 Rd2 15. Rb1 Bh6 16. a3 Nd7 17. Rd1 Nac5 18. Bg4 Nf6 19. Bc8 Ncxe4 20. Rxd2 Bxd2 21. Nxe4 Nxe4 22. Bxb7 Nd6 23. Ba6 1-0